| 000 | 00422cam a22001217a 4500 | ||
|---|---|---|---|
| 008 | 180718b1974 xxu||||| |||| 00| 0 eng d | ||
| 082 | _aB135x914 H615 | ||
| 100 | _aHiromitsu, Umehara | ||
| 245 |
_aA hancienda barrio in Central Luzon: case study of a Philippine village _cby Umehara Hiromitsu |
||
| 260 |
_aTokyo _bInstitute of Developming Economics _c1974 |
||
| 300 | _a107p. | ||
| 650 | _aCommuinity Life, rural - Philippine | ||
| 999 |
_c476786 _d476786 |
||